10 Least Eco-Friendly US States - Statistics

General Stats
  • This quiz has been taken 53 times
  • The average score is 8 of 10
Answer Stats
Score State % Correct
40.63 Oklahoma
83%
47.06 Arkansas
81%
36.18 Montana
81%
39.18 North Dakota
79%
46.47 Kansas
77%
41.15 Louisiana
77%
38.69 West Virginia
75%
43.83 Kentucky
73%
35.78 Wyoming
71%
41.46 Nebraska
65%
No matching quizzes found
Score Distribution
Percent of People with Each Score
Percentile by Number Answered
Your Score History
You have not taken this quiz